000 00309nam a22001337a 4500
008 170914b xxu||||| |||| 00| 0 eng d
020 _a9780883635933
041 _aeng
080 _a7
100 _a44
101 _aART
245 _aTHE SOUTH A TREASURY OF ART AND LITERATURE
_cHOWORTH,L
942 _2udc
_cBK
999 _c27543
_d27543